| 000 | 00561nam a22001931i 4500 | ||
|---|---|---|---|
| 001 | 182956 | ||
| 003 | ES-MaACL | ||
| 005 | 20230906221743.0 | ||
| 008 | 140107s1972 sp |||| | baq d | ||
| 080 | _a891.69-36"19" | ||
| 100 | 1 |
_aAlkorta, Kaxildo. _9154067 |
|
| 245 | 1 | 0 |
_aGiza Zirriborroa / _cKaxildo Alkorta. |
| 260 |
_aBilbao : _bMensajero, _c[1972] |
||
| 300 |
_a158 p. : _bgrab. ; _c18 cm. |
||
| 490 | 1 |
_aEtor Bidean Kultura ; _vv. 18 |
|
| 830 | 0 |
_aEtor Bidean Kultura ; _vv. 18 _9183811 |
|
| 852 |
_aES-MaACL _jC-53517 |
||
| 999 |
_c182956 _d182956 |
||